Philippine literature from ancient times to the present (Record no. 68583)

MARC details
000 -LEADER
fixed length control field 00714cam a22002171 4500
001 - CONTROL NUMBER
control field sa 66002748
003 - CONTROL NUMBER IDENTIFIER
control field DLC
005 - DATE AND TIME OF LATEST TRANSACTION
control field 20260227112232.0
008 - FIXED-LENGTH DATA ELEMENTS--GENERAL INFORMATION
fixed length control field 760113s1964 ph 000 0 eng
010 ## - LIBRARY OF CONGRESS CONTROL NUMBER
LC control number sa 66002748
035 ## - SYSTEM CONTROL NUMBER
System control number (OCoLC)1924690
040 ## - CATALOGING SOURCE
Original cataloging agency DLC
Transcribing agency FTS
Modifying agency DLC
042 ## - AUTHENTICATION CODE
Authentication code premarc
050 00 - LIBRARY OF CONGRESS CALL NUMBER
Classification number PL5531
Item number .C33
100 1# - MAIN ENTRY--PERSONAL NAME
Personal name Castillo y Tuazon, Teófilo del.
245 10 - TITLE STATEMENT
Title Philippine literature from ancient times to the present
Statement of responsibility, etc. [by] Teofilo del Castillo y Tuazon [and] Buenaventura S. Medina, Jr.
260 ## - PUBLICATION, DISTRIBUTION, ETC.
Place of publication, distribution, etc. Quezon City, Philippines.
Name of publisher, distributor, etc. Del Castillo
Date of publication, distribution, etc. [1964]
300 ## - PHYSICAL DESCRIPTION
Extent xvii,546 p.
Dimensions 23 cm.
650 #0 - SUBJECT ADDED ENTRY--TOPICAL TERM
Topical term or geographic name entry element Philippine literature
General subdivision History and criticism.
700 1# - ADDED ENTRY--PERSONAL NAME
Personal name Medina, Buenaventura S.

No items available.

Powered by Koha